| 000 | 00410nam a22001577a 4500 | ||
|---|---|---|---|
| 005 | 20171025094543.0 | ||
| 008 | 171025b xxu||||| |||| 00| 0 eng d | ||
| 020 | _a978-81-84441-444-8 | ||
| 041 | _aeng | ||
| 082 | _a336.24 | ||
| 245 | _aTAXATION PART-I INCOME TAX | ||
| 250 | _aREV.ED . 2015 | ||
| 260 |
_aNEW DELHI _bTHE INSTITUTE OF CHARTERED ACCOUNTANTS OF INDIA |
||
| 300 | _a10.13p. | ||
| 942 | _cBK | ||
| 999 |
_c5622 _d5620 |
||